[Event "Ostsjaellands EMT 2005"]
[Site "Faxe"]
[Date "2005.03.30"]
[Round "1"]
[White "Eckert, Svend"]
[Black "Hansen, Arne Mandrup"]
[Result "1-0"]
[WhiteElo "1623"]
[BlackElo "1296"]
[PlyCount "91"]
[EventDate "2005.??.??"]

1. c4 Nf6 2. d4 e5 3. d5 Bc5 4. Nc3 a5 5. e3 O-O 6. Bd3 d6 7. h3 Re8 8. Ne4
Nbd7 9. Ne2 Nxe4 10. Bxe4 Nf6 11. Ng3 Bd7 12. O-O b5 13. b3 a4 14. Bd2 b4 15.
Bc2 axb3 16. Bxb3 Ra3 17. Qe1 Qb8 18. Kh1 Qb6 19. Bc1 Ra6 20. Bb2 Rea8 21. Qd2
Ba4 22. Qc2 Bxb3 23. axb3 Ra2 24. Rfb1 R8a6 25. Qc1 Qa7 26. Rxa2 Rxa2 27. Ra1
Rxa1 28. Qxa1 Qb7 29. Kg1 h6 30. Kf1 c6 31. e4 cxd5 32. exd5 Ba7 33. Qa5 Qb8
34. f3 Bc5 35. Nf5 Qf8 36. Ke2 g6 37. Ne3 Nh5 38. Kd2 f5 39. Nc2 Qb8 40. Bxe5
dxe5 41. Qxc5 Nf4 42. d6 e4 43. fxe4 fxe4 44. Qc7 e3+ 45. Nxe3 Qe8 46. d7 1-0

[Event "Ostsjaellands EMT 2005"]
[Site "Faxe"]
[Date "2005.03.30"]
[Round "1"]
[White "Eriksen, Knud Ejler"]
[Black "Christoffersen, Per"]
[Result "0-1"]
[WhiteElo "1131"]
[BlackElo "1495"]
[PlyCount "78"]
[EventDate "2005.??.??"]

1. e4 e6 2. d4 d5 3. e5 c5 4. c3 Nc6 5. Nf3 cxd4 6. cxd4 Nge7 7. Bf4 Nf5 8. Nc3
Qb6 9. Bb5 Bb4 10. Bxc6+ bxc6 11. O-O O-O 12. a3 Be7 13. b4 Ba6 14. Qd2 Bxf1
15. Rxf1 a5 16. bxa5 Qxa5 17. Qc2 Qxa3 18. g4 Nh4 19. Nxh4 Bxh4 20. Ne2 Qf3 21.
Bg3 Qxg4 22. f3 Qg5 23. Kg2 Bxg3 24. hxg3 Qg6 25. Qd2 f6 26. Qe3 fxe5 27. Qxe5
Ra2 28. Rf2 Qf5 29. Qe3 Re8 30. g4 Qf6 31. Rf1 Rb8 32. Rf2 Rbb2 33. Kg3 Qe7 34.
Rh2 Qd6+ 35. f4 Ra3 36. Nc3 Rbb3 37. Rc2 Kf7 38. g5 Qb4 39. Kg4 Rxc3 0-1

[Event "Ostsjaellands EMT 2005"]
[Site "Faxe"]
[Date "2005.03.30"]
[Round "1"]
[White "Jensen, Herman"]
[Black "Toftvang, Ove"]
[Result "1-0"]
[WhiteElo "1650"]
[BlackElo "1329"]
[PlyCount "145"]
[EventDate "2005.??.??"]

1. c4 Nf6 2. Nc3 e5 3. g3 Bc5 4. Bg2 c6 5. e3 d6 6. d4 Bb4 7. Nge2 e4 8. O-O d5
9. cxd5 cxd5 10. Qb3 Nc6 11. Nf4 Bxc3 12. Qxc3 O-O 13. Bd2 Ne7 14. Rfc1 Nc6 15.
Qc5 Be6 16. Bb4 Re8 17. Bf1 Nxb4 18. Qxb4 b6 19. Rc2 h5 20. Rac1 Re7 21. Be2 g6
22. Ba6 Qf8 23. Rc7 Rxc7 24. Qxf8+ Kxf8 25. Rxc7 Bg4 26. Bb7 Rd8 27. Bc6 g5 28.
Ng2 a6 29. Ne1 Rd6 30. Nc2 a5 31. b4 Bd1 32. bxa5 bxa5 33. Na3 Be2 34. Nb5 Bxb5
35. Bxb5 Rb6 36. a4 Ne8 37. Rc5 Nf6 38. Kg2 g4 39. Rc7 Ne8 40. Ra7 Nd6 41. Rxa5
Nxb5 42. Rxb5 Rd6 43. a5 Ke7 44. Kf1 Rd8 45. a6 Kd6 46. Rb6+ Ke7 47. Rb7+ Kd6
48. Rb6+ Ke7 49. Rh6 Ra8 50. Kg2 f6 51. a7 Ke6 52. Rh7 Kf5 53. Rxh5+ Ke6 54.
Rh7 f5 55. h3 gxh3+ 56. Kxh3 Kf6 57. Rh6+ Kg5 58. Rd6 Rxa7 59. Rxd5 Rh7+ 60.
Kg2 Kg4 61. Rd6 Kg5 62. f3 exf3+ 63. Kxf3 Re7 64. Rd5 Re4 65. Re5 Rg4 66. e4
Rxe4 67. Rxe4 fxe4+ 68. Kxe4 Kf6 69. d5 Ke7 70. Ke5 Kd7 71. d6 Ke8 72. Ke6 Kd8
73. d7 1-0

[Event "Ostsjaellands EMT 2005"]
[Site "Faxe"]
[Date "2005.03.30"]
[Round "1"]
[White "Wehlast, Svend Erik"]
[Black "Nielsen, Johannes"]
[Result "1-0"]
[WhiteElo "1479"]
[BlackElo "1057"]
[PlyCount "66"]
[EventDate "2005.??.??"]

1. d4 d5 2. Nf3 Nf6 3. h3 e6 4. Bg5 Be7 5. e3 h6 6. Bxf6 Bxf6 7. c4 c6 8. c5
O-O 9. Nc3 Re8 10. Be2 Nd7 11. b4 b6 12. a4 bxc5 13. bxc5 Qc7 14. O-O e5 15.
Rc1 e4 16. Nh2 Nf8 17. Na2 Ng6 18. Nb4 a5 19. Nc2 Nh4 20. Rb1 Bd8 21. Qd2 Qe7
22. f4 g5 23. fxg5 Qxg5 24. Bg4 f5 25. Bd1 Bc7 26. Rf4 Qxg2+ 27. Qxg2+ Nxg2 28.
Kxg2 Bxf4 29. exf4 Re7 30. Na3 Rg7+ 31. Kf2 Kh8 32. Nf1 Rg8 33. Be2 Rg3 1-0

[Event "Ostsjaellands EMT 2005"]
[Site "Faxe"]
[Date "2005.03.30"]
[Round "1"]
[White "Andersen, Hans Poul"]
[Black "Jensen, Leif"]
[Result "0-1"]
[WhiteElo "1400"]
[BlackElo "2036"]
[PlyCount "66"]
[EventDate "2005.??.??"]

1. e4 e6 2. Nf3 d5 3. exd5 exd5 4. Be2 Nf6 5. h3 Bd6 6. d3 O-O 7. O-O c5 8. b3
Nc6 9. Bb2 d4 10. Nbd2 b6 11. Nc4 Nd5 12. Nxd6 Qxd6 13. Nh2 Bb7 14. Bf3 Nf4 15.
Bc1 Rfe8 16. Bxf4 Qxf4 17. g3 Qc7 18. Be4 Ne5 19. Re1 Qd7 20. f4 Bxe4 21. Rxe4
Nc6 22. Ng4 Rxe4 23. dxe4 Re8 24. Nf2 f5 25. Qf3 fxe4 26. Nxe4 Nb4 27. Qg2 Nd5
28. Re1 Ne3 29. Qe2 Rxe4 30. Qh5 Qe8 31. Qxe8+ Rxe8 32. Kf2 Kf7 33. a4 Nxc2 0-1

[Event "Ostsjaellands EMT 2005"]
[Site "Faxe"]
[Date "2005.03.30"]
[Round "1"]
[White "Christoffersen, Ib"]
[Black "Hansen, Knud"]
[Result "0-1"]
[WhiteElo "1361"]
[BlackElo "1650"]
[PlyCount "76"]
[EventDate "2005.??.??"]

1. d4 Nf6 2. Nf3 e6 3. Bg5 Be7 4. e3 h6 5. Bh4 b6 6. Bd3 Bb7 7. Nbd2 O-O 8. h3
d6 9. O-O Nbd7 10. c3 Nh7 11. Bxe7 Qxe7 12. Qe2 c5 13. Bc2 Ng5 14. Nxg5 Qxg5
15. Nf3 Qe7 16. Nh2 Nf6 17. e4 e5 18. Rad1 Rad8 19. d5 Bc8 20. Rd3 Nh7 21. Rg3
f5 22. exf5 Bxf5 23. Bxf5 Rxf5 24. Ng4 Kh8 25. f4 Rdf8 26. Ne3 exf4 27. Rgf3
Re5 28. Qd1 fxe3 29. Qe2 Rxf3 30. Rxf3 Nf6 31. b3 Nxd5 32. Qa6 e2 33. Qc8+ Kh7
34. Rf8 e1=Q+ 35. Kh2 Nf6 36. Rh8+ Kg6 37. Qa6 Re3 38. Qc4 Qe5+ 0-1

[Event "Ostsjaellands EMT 2005"]
[Site "Faxe"]
[Date "2005.03.30"]
[Round "1"]
[White "Rasmussen, Arne"]
[Black "Hansen, Egon"]
[Result "0-1"]
[WhiteElo "1204"]
[BlackElo "1619"]
[PlyCount "62"]
[EventDate "2005.??.??"]

1. d4 Nf6 2. Nf3 e6 3. e3 d5 4. Bd3 c5 5. O-O c4 6. Be2 Nc6 7. Nc3 a6 8. Bd2
Bd6 9. a3 Qc7 10. h3 O-O 11. b3 b5 12. bxc4 bxc4 13. Re1 Bb7 14. Bf1 Ne7 15.
Bc1 Rab8 16. Nd2 e5 17. dxe5 Bxe5 18. Bb2 Bc6 19. Rb1 Rxb2 20. Rxb2 Bxc3 21.
Rb1 Qa5 22. Re2 Qxa3 23. Nf3 Qc5 24. Nd4 Bb5 25. Nxb5 axb5 26. f3 Nf5 27. Qc1
Re8 28. g4 Nxe3 29. Kh1 d4 30. g5 Nh5 31. Kh2 Qe5+ 0-1

[Event "Ostsjaellands EMT 2005"]
[Site "Faxe"]
[Date "2005.03.30"]
[Round "1"]
[White "Andersen, Bjarne Hjorth"]
[Black "Nielsen, Rickard Hjorth"]
[Result "1-0"]
[WhiteElo "1789"]
[BlackElo "1372"]
[PlyCount "39"]
[EventDate "2005.??.??"]

1. e4 c5 2. Nf3 Nc6 3. d4 cxd4 4. Nxd4 d6 5. Nc3 g6 6. Be3 Bg7 7. Qd2 Nf6 8. f3
O-O 9. O-O-O Bd7 10. g4 Rc8 11. h4 Qa5 12. Nb3 Qd8 13. h5 Ne8 14. hxg6 hxg6 15.
Qh2 Nf6 16. Bh6 Nxg4 17. fxg4 Be5 18. Bf4 Bxf4+ 19. Qxf4 e5 20. Qh6 1-0

[Event "Ostsjaellands EMT 2005"]
[Site "Faxe"]
[Date "2005.04.04"]
[Round "1"]
[White "Gisli, Theodor"]
[Black "Lillebro, Verner"]
[Result "1/2-1/2"]
[WhiteElo "1538"]
[BlackElo "1194"]
[PlyCount "102"]
[EventDate "2005.??.??"]

1. e4 e5 2. f4 exf4 3. Nf3 Nf6 4. Nc3 Qe7 5. e5 Nc6 6. d4 d6 7. Bc4 dxe5 8. O-O
Bd7 9. dxe5 Qc5+ 10. Kh1 O-O-O 11. Qe2 Re8 12. Bxf7 Re7 13. e6 Be8 14. Bxe8
Rxe8 15. Bxf4 Bd6 16. Bxd6 Qxd6 17. Ng5 Rhf8 18. Qc4 Ne5 19. Qf4 h6 20. Nge4
Qxe6 21. a4 g5 22. Qe3 Nc6 23. Rfe1 Ng4 24. Qg3 Nf2+ 25. Kg1 Rf4 26. Nd2 Qxe1+
27. Rxe1 Rxe1+ 28. Nf1 Nh3+ 29. Qxh3+ g4 30. Qd3 Rfxf1+ 31. Qxf1 Rxf1+ 32. Kxf1
Nd4 33. Ne4 Nxc2 34. Nf6 Nd4 35. Kf2 a6 36. Nxg4 Nf5 37. Ne5 Kd8 38. g4 Nd6 39.
Kf3 Ke7 40. h4 b5 41. axb5 axb5 42. Kf4 c5 43. g5 hxg5+ 44. Kxg5 Nf7+ 45. Kf5
c4 46. h5 Nxe5 47. Kxe5 b4 48. h6 Kf7 49. h7 Kg7 50. Kd4 c3 51. bxc3 bxc3
1/2-1/2

[Event "Ostsjaellands EMT 2005"]
[Site "Faxe"]
[Date "2005.04.06"]
[Round "2"]
[White "Jensen, Leif"]
[Black "Eckert, Svend"]
[Result "1/2-1/2"]
[WhiteElo "2036"]
[BlackElo "1623"]
[PlyCount "119"]
[EventDate "2005.??.??"]

1. e4 c6 2. Nf3 d5 3. Nc3 d4 4. Ne2 c5 5. d3 Nc6 6. g3 e5 7. Bg2 Be7 8. O-O Nf6
9. h3 O-O 10. Nh2 Bd7 11. f4 Qc8 12. f5 b5 13. g4 h6 14. g5 hxg5 15. Bxg5 Nh7
16. Bxe7 Nxe7 17. Bf3 f6 18. Bh5 Be8 19. Ng3 g6 20. fxg6 Bxg6 21. Bxg6 Nxg6 22.
Nf5 Kh8 23. Ng4 Nf4 24. Kh2 Qe8 25. Ngh6 Ng5 26. h4 Nge6 27. Qg4 Qg6 28. Rg1
Qxg4 29. Rxg4 a6 30. Rag1 Ra7 31. Rg8+ Rxg8 32. Rxg8+ Kh7 33. Rc8 Rc7 34. Ra8
c4 35. Rxa6 cxd3 36. cxd3 Rc2+ 37. Kg3 Rd2 38. Ra7+ Kg6 39. Nf7 Kh5 40. N7d6
Rxd3+ 41. Kf2 Nh3+ 42. Ke1 Kg4 43. Nxb5 Kf3 44. Ra3 Rxa3 45. bxa3 Kxe4 46.
Nbd6+ Kf4 47. Ne7 Kg4 48. Ne4 f5 49. Nxf5 Kxf5 50. Nd6+ Kg4 51. a4 Kxh4 52. a5
Nc5 53. Kd2 Ng5 54. Nc4 e4 55. Nd6 Kg4 56. a6 Nxa6 57. Nxe4 Nxe4+ 58. Kd3 Nb4+
59. Kxd4 Nxa2 60. Kxe4 1/2-1/2

[Event "Ostsjaellands EMT 2005"]
[Site "Faxe"]
[Date "2005.04.06"]
[Round "2"]
[White "Refsgaard, Kaj"]
[Black "Gisli, Theodor"]
[Result "1-0"]
[WhiteElo "1634"]
[BlackElo "1538"]
[PlyCount "103"]
[EventDate "2005.??.??"]

1. d4 f5 2. Nf3 Nf6 3. Bg5 e6 4. e3 d5 5. Nbd2 Bd6 6. c4 c6 7. cxd5 exd5 8. Bd3
O-O 9. O-O Qe8 10. Qc2 Ne4 11. Bh4 Qh5 12. Bg3 Bxg3 13. fxg3 Nd7 14. Be2 Ndf6
15. Nxe4 Nxe4 16. Ne5 Qg5 17. Rf4 Be6 18. Raf1 Rae8 19. Bd3 Rf6 20. Bxe4 fxe4
21. Qc5 a6 22. Qd6 Rxf4 23. gxf4 Qh5 24. Qb4 Bc8 25. Qd2 Rf8 26. Qf2 Rf6 27. b4
Be6 28. Kh1 Rh6 29. g3 Bh3 30. Rg1 Bg4 31. h4 Rf6 32. Kh2 Be6 33. g4 Qe8 34.
Qg3 Qe7 35. a3 a5 36. Rb1 Rf8 37. bxa5 Qxa3 38. Rxb7 Qxa5 39. Qf2 c5 40. Qb2 c4
41. Rb8 Qc7 42. Rb7 Qd8 43. Qa3 Qxh4+ 44. Kg2 Bxg4 45. Nxg4 Qxg4+ 46. Kh2 h5
47. Rb2 Rc8 48. Rg2 Qh4+ 49. Kg1 c3 50. Qd6 c2 51. Qe6+ Kh7 52. Qg6+ 1-0

[Event "Ostsjaellands EMT 2005"]
[Site "Faxe"]
[Date "2005.04.06"]
[Round "2"]
[White "Nielsen, Rickard Hjorth"]
[Black "Hansen, Arne Mandrup"]
[Result "1-0"]
[WhiteElo "1372"]
[BlackElo "1296"]
[PlyCount "139"]
[EventDate "2005.??.??"]

1. e4 d5 2. exd5 Nf6 3. Nc3 Nxd5 4. Bc4 Nxc3 5. bxc3 e5 6. Qf3 Qf6 7. Qxf6 gxf6
8. d4 Bf5 9. Bd3 Bxd3 10. cxd3 exd4 11. cxd4 Nc6 12. Nf3 Bb4+ 13. Bd2 Bxd2+ 14.
Kxd2 O-O-O 15. Kc3 Rhe8 16. Rhe1 Rg8 17. g3 Rg4 18. Re4 h5 19. h3 Rxe4 20. dxe4
Re8 21. Re1 Kd7 22. Re3 a5 23. a3 Na7 24. Kc4 b5+ 25. Kb3 c6 26. Nd2 Rc8 27.
Rf3 Ke6 28. Rf5 Rd8 29. Nf3 Rh8 30. a4 Ke7 31. Rc5 Kd6 32. Rf5 Ke6 33. d5+ cxd5
34. Rxd5 bxa4+ 35. Kxa4 Nc6 36. Nd4+ Nxd4 37. Rxd4 Ke5 38. Rc4 Rd8 39. f4+ Ke6
40. Rc3 Rd4+ 41. Kxa5 Rxe4 42. Rc5 f5 43. Rc6+ Kd7 44. Rf6 Re3 45. Rxf7+ Ke6
46. Rg7 Kf6 47. Rg5 Ra3+ 48. Kb4 Re3 49. Kc4 h4 50. Kd4 Rxg3 51. Rxg3 hxg3 52.
Ke3 Kg6 53. Kf3 g2 54. Kxg2 Kh6 55. Kg3 Kh5 56. h4 Kh6 57. Kf3 Kh5 58. Ke3 Kxh4
59. Kd4 Kh5 60. Ke5 Kg6 61. Ke6 Kg7 62. Kxf5 Kf7 63. Ke5 Kf8 64. Kf6 Kg8 65.
Ke7 Kg7 66. f5 Kg8 67. f6 Kh8 68. f7 Kh7 69. f8=Q Kg6 70. Qf3 1-0

[Event "Ostsjaellands EMT 2005"]
[Site "Faxe"]
[Date "2005.04.06"]
[Round "2"]
[White "Rasmussen, Arne"]
[Black "Christoffersen, Ib"]
[Result "0-1"]
[WhiteElo "1204"]
[BlackElo "1361"]
[PlyCount "64"]
[EventDate "2005.??.??"]

1. e4 e5 2. Nf3 Nc6 3. Bb5 Nf6 4. Nc3 Bc5 5. d3 a6 6. Bc4 h6 7. a3 d6 8. h3 Nh5
9. Nxe5 Nxe5 10. Qxh5 Nxc4 11. dxc4 Qf6 12. Qe2 O-O 13. Be3 Re8 14. Bxc5 dxc5
15. O-O-O c6 16. f3 Be6 17. Rhf1 b5 18. cxb5 cxb5 19. Qf2 Bc4 20. Rfe1 Rac8 21.
Qg3 b4 22. Nd5 Bxd5 23. Rxd5 bxa3 24. bxa3 Qa1+ 25. Kd2 Qxa3 26. Re3 Qb4+ 27.
Rc3 a5 28. Rd6 Kf8 29. e5 a4 30. f4 a3 31. Ra6 Rcd8+ 32. Ke2 Qb5+ 0-1

[Event "Ostsjaellands EMT 2005"]
[Site "Faxe"]
[Date "2005.04.06"]
[Round "2"]
[White "Wehlast, Svend Erik"]
[Black "Jensen, Herman"]
[Result "0-1"]
[WhiteElo "1479"]
[BlackElo "1650"]
[PlyCount "58"]
[EventDate "2005.??.??"]

1. d4 d5 2. Nf3 Nf6 3. Nc3 Bg4 4. e3 e6 5. h3 Bh5 6. Be2 Nbd7 7. a3 c5 8. g4
Bg6 9. Bb5 a6 10. Bxd7+ Nxd7 11. Ne2 h6 12. Ng3 Bd6 13. Rg1 Qc7 14. Nh4 Bh7 15.
c3 Rc8 16. Bd2 b5 17. b4 c4 18. f4 g5 19. Ng2 Nf6 20. a4 Ke7 21. a5 Bg6 22. Qf3
Rcf8 23. Kf2 h5 24. fxg5 Bxg3+ 25. Ke2 Ne4 26. Nf4 hxg4 27. hxg4 Rh2+ 28. Rg2
Rxg2+ 29. Nxg2 Nxg5 0-1

[Event "Ostsjaellands EMT 2005"]
[Site "Faxe"]
[Date "2005.04.06"]
[Round "2"]
[White "Toftvang, Ove"]
[Black "Eriksen, Knud Ejler"]
[Result "0-1"]
[WhiteElo "1329"]
[BlackElo "1131"]
[PlyCount "112"]
[EventDate "2005.??.??"]

1. e4 e5 2. Bc4 Nf6 3. d3 Bc5 4. Bg5 d6 5. h3 O-O 6. Nf3 Qe7 7. O-O a6 8. a4 a5
9. Nc3 c6 10. d4 Ba7 11. d5 Bd7 12. Be2 cxd5 13. Nxd5 Qd8 14. Nxf6+ gxf6 15.
Bh4 Be6 16. Nh2 Kh8 17. b3 Rg8 18. Bc4 Qe7 19. Qf3 Nd7 20. Bb5 Rg6 21. Ng4 Bxg4
22. hxg4 Nc5 23. g5 fxg5 24. Bg3 Rag8 25. Kh1 g4 26. Qe2 Rh6+ 27. Kg1 Ne6 28.
Qd2 Rhg6 29. Qxa5 Bb8 30. Rfe1 Nd4 31. Rad1 Nxc2 32. Re2 Nd4 33. Re3 Rh6 34.
Bh2 Qg5 35. g3 Qh5 36. Rxd4 Qxh2+ 37. Kf1 exd4 38. Rd3 Qh1+ 39. Ke2 Qxe4+ 40.
Kd1 Rh1+ 41. Kc2 Rc8+ 42. Kb2 d5 43. Qd2 Be5 44. Qb4 Kg7 45. Qd2 Bf6 46. a5 Re1
47. Qb4 Re2+ 48. Rd2 d3+ 49. Ka3 Qxb4+ 50. Kxb4 Rxd2 51. Bd7 Be7+ 52. Kb5 Ra8
53. Bxg4 Ra2 54. b4 Rb2 55. Kb6 Rxb4+ 56. Kc7 Rxg4 0-1

[Event "Ostsjaellands EMT 2005"]
[Site "Faxe"]
[Date "2005.04.06"]
[Round "2"]
[White "Hansen, Egon"]
[Black "Andersen, Bjarne Hjorth"]
[Result "1/2-1/2"]
[WhiteElo "1619"]
[BlackElo "1789"]
[PlyCount "92"]
[EventDate "2005.??.??"]

1. d4 Nf6 2. Nf3 g6 3. c4 Bg7 4. Nc3 d5 5. e3 O-O 6. Be2 c5 7. O-O cxd4 8. Nxd4
a6 9. a4 Nc6 10. cxd5 Nxd5 11. Nxd5 Qxd5 12. Bf3 Qc5 13. Nxc6 bxc6 14. Rb1 Be6
15. Bd2 Rad8 16. Qc1 Qxc1 17. Bxc1 Bd5 18. Bxd5 Rxd5 19. b3 Rb8 20. Ba3 e6 21.
Rfc1 Bf8 22. Bxf8 Kxf8 23. Kf1 c5 24. Ke2 Ke7 25. Rd1 Rb4 26. f3 Rxd1 27. Kxd1
c4 28. Kc2 cxb3+ 29. Rxb3 Rxa4 30. Kb2 Ra5 31. Rb7+ Kf6 32. h3 Rb5+ 33. Rxb5
axb5 34. Kb3 Ke5 35. Kb4 f5 36. Kxb5 g5 37. Kc4 g4 38. hxg4 fxg4 39. Kd3 g3 40.
Ke2 h5 41. Kf1 h4 42. Ke2 Kd5 43. Ke1 Kc4 44. Ke2 e5 45. f4 e4 46. Kf1 Kd5
1/2-1/2

[Event "Ostsjaellands EMT 2005"]
[Site "Faxe"]
[Date "2005.04.06"]
[Round "2"]
[White "Hansen, Knud"]
[Black "Christoffersen, Per"]
[Result "1/2-1/2"]
[WhiteElo "1650"]
[BlackElo "1495"]
[PlyCount "77"]
[EventDate "2005.??.??"]

1. e4 e6 2. d3 d5 3. exd5 exd5 4. Nf3 Nf6 5. Be2 Bd6 6. h3 O-O 7. O-O c6 8. Nc3
Bf5 9. a3 Nbd7 10. Bd2 Re8 11. Re1 Qc7 12. Qc1 Ne5 13. d4 Nxf3+ 14. Bxf3 Rxe1+
15. Qxe1 Bxc2 16. Rc1 Re8 17. Be3 Bb3 18. Qd2 Nd7 19. Nxd5 Qb8 20. Nc3 Nb6 21.
Ne4 Nd5 22. Nxd6 Qxd6 23. Re1 Nxe3 24. Rxe3 Rxe3 25. Qxe3 Be6 26. Bd1 c5 27.
Bc2 Qxd4 28. Qxd4 cxd4 29. Bd3 h6 30. f4 Kf8 31. Kf2 Ke7 32. Ke2 Kd6 33. b4 b6
34. h4 Bb3 35. g3 Kd5 36. Kd2 Bc4 37. Bc2 Kc6 38. Ba4+ Kd5 39. Bc2 1/2-1/2

[Event "Ostsjaellands EMT 2005"]
[Site "Faxe"]
[Date "2005.??.??"]
[Round "2"]
[White "Nielsen, Johannes"]
[Black "Voigt, Keld"]
[Result "0-1"]
[WhiteElo "1057"]
[BlackElo "1300"]
[PlyCount "80"]
[EventDate "2005.??.??"]

1. e4 e5 2. Nf3 Nc6 3. Bc4 h6 4. O-O Nf6 5. d3 d5 6. exd5 Nxd5 7. Bxd5 Qxd5 8.
c4 Qd8 9. Re1 Bg4 10. h3 Bxf3 11. Qxf3 Bd6 12. Nc3 O-O 13. Be3 f5 14. Qd1 f4
15. Bd2 Nd4 16. f3 Qh4 17. Nb5 Nxb5 18. cxb5 Rf5 19. Qb3+ Kh7 20. Re2 Raf8 21.
Bb4 Qe7 22. Bxd6 Qxd6 23. Kh1 g5 24. a4 h5 25. Rf1 Qe7 26. Qc2 Kh6 27. d4 g4
28. fxg4 hxg4 29. hxg4 Qh4+ 30. Kg1 Qxg4 31. Qe4 b6 32. Qc6+ R8f6 33. Qf3 Qxf3
34. Rxf3 exd4 35. Rd2 Rd6 36. Rc2 Rd7 37. Rd2 Kg5 38. b4 Re5 39. Rd1 Re3 40.
Rxe3 fxe3 0-1

[Event "Ostsjaellands EMT 2005"]
[Site "Faxe"]
[Date "2005.04.11"]
[Round "2"]
[White "Lillebro, Verner"]
[Black "Andersen, Hans Poul"]
[Result "0-1"]
[WhiteElo "1194"]
[BlackElo "1400"]
[PlyCount "60"]
[EventDate "2005.??.??"]

1. d4 d5 2. c4 e6 3. cxd5 exd5 4. Nf3 Be7 5. Bf4 Nc6 6. e3 a6 7. a3 h6 8. Nc3
Nf6 9. Be2 O-O 10. O-O Bf5 11. Nh4 Bh7 12. f3 Nh5 13. Bxh6 Bxh4 14. f4 Nf6 15.
Bg5 Bxg5 16. fxg5 Ne4 17. Nxe4 Bxe4 18. h4 Qd6 19. Rf4 Rae8 20. Kf2 Ne7 21. h5
Nf5 22. Qh1 Nxe3 23. Rxe4 Rxe4 24. g3 Qe6 25. h6 Qf5+ 26. Kg1 Qxg5 27. h7+ Kh8
28. Qf3 Nf5 29. Kf2 Rfe8 30. Bd3 Qd2+ 0-1

[Event "Ostsjaellands EMT 2005"]
[Site "Faxe"]
[Date "2005.04.13"]
[Round "3"]
[White "Nielsen, Johannes"]
[Black "Rasmussen, Arne"]
[Result "1/2-1/2"]
[WhiteElo "1057"]
[BlackElo "1204"]
[PlyCount "139"]
[EventDate "2005.??.??"]

1. e4 e5 2. Nf3 Nc6 3. Bc4 Bc5 4. Nc3 h6 5. a3 Nf6 6. h3 O-O 7. O-O d6 8. d3 a6
9. b4 Bd4 10. Bb2 Be6 11. Bd5 Bxd5 12. Nxd4 Nxd4 13. Nxd5 Nxd5 14. Bxd4 exd4
15. exd5 Qd7 16. Qf3 Qb5 17. Rfe1 Rae8 18. Kf1 Re5 19. Rxe5 dxe5 20. Re1 f6 21.
Re2 Rd8 22. Qf5 Qxd5 23. Re4 Qa2 24. g3 Qb1+ 25. Kg2 Qxc2 26. Rg4 Qc6+ 27. Qf3
Qxf3+ 28. Kxf3 b5 29. Re4 Rd6 30. Re2 Rc6 31. Ra2 Rc3 32. Ke2 Kf7 33. a4 bxa4
34. Rxa4 Rc6 35. Kf3 Rb6 36. Ke4 Ke6 37. f4 f5+ 38. Kf3 g6 39. g4 fxg4+ 40.
hxg4 exf4 41. Kxf4 Rd6 42. Ra5 Rb6 43. Ra4 Kd5 44. Ra5+ Kd6 45. Ra4 Kd7 46. Ke4
Rd6 47. Ke5 h5 48. gxh5 gxh5 49. Ra1 Rb6 50. Rb1 Rd6 51. Ra1 h4 52. Rh1 Rb6 53.
Rxh4 Rxb4 54. Rxd4+ Rxd4 55. Kxd4 Kc6 56. Kc4 Kb6 57. Kb4 c6 58. d4 a5+ 59. Ka4
Ka6 60. Ka3 Kb5 61. Kb3 a4+ 62. Kc3 a3 63. Kb3 a2 64. Kxa2 Kc4 65. Kb2 Kxd4 66.
Kc2 c5 67. Kb3 Kd3 68. Kb2 c4 69. Kc1 c3 70. Kd1 1/2-1/2

[Event "Ostsjaellands EMT 2005"]
[Site "Faxe"]
[Date "2005.04.13"]
[Round "3"]
[White "Eckert, Svend"]
[Black "Hansen, Knud"]
[Result "0-1"]
[WhiteElo "1623"]
[BlackElo "1650"]
[PlyCount "94"]
[EventDate "2005.??.??"]

1. c4 e5 2. Nc3 Nc6 3. e3 d6 4. d4 exd4 5. exd4 Be7 6. Nf3 Nf6 7. Be3 a6 8. Rc1
O-O 9. Bd3 h6 10. O-O Re8 11. h3 Bf8 12. Re1 Bd7 13. b3 Qc8 14. Kh2 Ne7 15. Ne4
Nxe4 16. Bxe4 Bf5 17. Bc2 Ng6 18. d5 Qd7 19. Nd4 Bxc2 20. Rxc2 Be7 21. Rce2 Bf6
22. Nf3 Re7 23. Bd4 Rxe2 24. Rxe2 Qf5 25. Qe1 Bxd4 26. Nxd4 Qf4+ 27. Kg1 Qxd4
28. Re4 Qf6 29. g3 Ne5 30. Qe3 g5 31. f4 gxf4 32. gxf4 Ng6 33. Qg3 Kh7 34. Kf2
Rg8 35. Qd3 Kh8 36. Qe3 Qb2+ 37. Kf1 Qa1+ 38. Kf2 Qxa2+ 39. Kf1 Qa1+ 40. Kf2
Qf6 41. Ke1 Kh7 42. Qd3 Qf5 43. Qe3 Nh4 44. Kf2 Qf6 45. Qd3 Nf5 46. Re2 Rg3 47.
Qc2 Qd4+ 0-1

[Event "Ostsjaellands EMT 2005"]
[Site "Faxe"]
[Date "2005.04.13"]
[Round "3"]
[White "Christoffersen, Per"]
[Black "Andersen, Bjarne Hjorth"]
[Result "0-1"]
[WhiteElo "1495"]
[BlackElo "1789"]
[PlyCount "48"]
[EventDate "2005.??.??"]

1. d4 Nf6 2. Nf3 g6 3. c4 Bg7 4. Nc3 d5 5. Bf4 O-O 6. cxd5 Nxd5 7. Nxd5 Qxd5 8.
Bxc7 Nc6 9. e3 Bf5 10. Bd3 Bxd3 11. Qxd3 Rac8 12. Bg3 Nb4 13. Qd2 Nc2+ 14. Ke2
Nxa1 15. Rxa1 Qb5+ 16. Ke1 Rc6 17. a4 Qb3 18. Ra3 Qc2 19. Rc3 Rxc3 20. bxc3
Qxa4 21. Qb2 b5 22. Nd2 Rc8 23. Nb3 Qc4 24. Nc5 Rxc5 0-1

[Event "Ostsjaellands EMT 2005"]
[Site "Faxe"]
[Date "2005.04.13"]
[Round "3"]
[White "Hansen, Egon"]
[Black "Jensen, Leif"]
[Result "0-1"]
[WhiteElo "1619"]
[BlackElo "2036"]
[PlyCount "36"]
[EventDate "2005.??.??"]

1. Nf3 d5 2. d4 c6 3. c3 Bf5 4. Bf4 e6 5. Nbd2 Bd6 6. Bxd6 Qxd6 7. e3 Nd7 8.
Nb3 Ngf6 9. Bd3 Bg6 10. Rc1 e5 11. dxe5 Nxe5 12. Nxe5 Qxe5 13. O-O Bxd3 14.
Qxd3 Ng4 15. f4 Qe7 16. Nd2 O-O 17. Rce1 Rfe8 18. Rf3 Qh4 0-1

[Event "Ostsjaellands EMT 2005"]
[Site "Faxe"]
[Date "2005.04.13"]
[Round "3"]
[White "Gisli, Theodor"]
[Black "Toftvang, Ove"]
[Result "1-0"]
[WhiteElo "1538"]
[BlackElo "1329"]
[PlyCount "61"]
[EventDate "2005.??.??"]

1. Nf3 d5 2. c4 e6 3. g3 c6 4. b3 Bc5 5. Bg2 Nf6 6. O-O O-O 7. d4 Be7 8. Nc3 b6
9. Bb2 Ba6 10. Ne5 Bd6 11. Qc2 Bxe5 12. dxe5 Nfd7 13. Rfd1 f6 14. cxd5 cxd5 15.
e4 Nxe5 16. exd5 Bb7 17. Qe4 Qe8 18. Rac1 Nbd7 19. f4 f5 20. Qd4 Ng4 21. Nb5 e5
22. fxe5 Ngxe5 23. Nd6 Qb8 24. Nxb7 Qxb7 25. d6 Qb8 26. Rc7 f4 27. Rxd7 f3 28.
Qxe5 f2+ 29. Kf1 Rf6 30. Rxg7+ Kxg7 31. Qxf6+ 1-0

[Event "Ostsjaellands EMT 2005"]
[Site "Faxe"]
[Date "2005.04.13"]
[Round "3"]
[White "Jensen, Herman"]
[Black "Refsgaard, Kaj"]
[Result "1-0"]
[WhiteElo "1650"]
[BlackElo "1634"]
[PlyCount "110"]
[EventDate "2005.??.??"]

1. e4 c5 2. Nf3 Nc6 3. d4 cxd4 4. Nxd4 g6 5. Be3 Nf6 6. f3 Bg7 7. Be2 O-O 8.
O-O Qb6 9. b3 Ng4 10. fxg4 Nxd4 11. Kh1 Qd6 12. c3 Nxe2 13. Qxe2 Qc7 14. Bd4 d6
15. Nd2 Bd7 16. Bxg7 Kxg7 17. Rac1 Qc5 18. a4 Rac8 19. Nc4 Qg5 20. h3 b5 21.
axb5 Bxb5 22. Qf2 Bxc4 23. bxc4 Rxc4 24. Qxa7 Rxe4 25. Rce1 Qe5 26. Rxe4 Qxe4
27. Qf2 Qc6 28. Qe3 e5 29. g5 Re8 30. Qa7 Qd5 31. Rf6 Ra8 32. Rxf7+ Qxf7 33.
Qxa8 Qf1+ 34. Kh2 Qf4+ 35. Kg1 Qxg5 36. Qb7+ Kh6 37. Qb4 Qc1+ 38. Kf2 Qf4+ 39.
Ke2 d5 40. Qxf4+ exf4 41. Kd3 g5 42. Kd4 Kg6 43. Kxd5 Kf5 44. c4 h5 45. c5 g4
46. c6 f3 47. c7 fxg2 48. c8=Q+ Kf4 49. Qc1+ Kg3 50. hxg4 h4 51. Ke4 h3 52.
Qf4+ Kh4 53. g5+ Kh5 54. Qh2 Kxg5 55. Kf3 Kf6 1-0

[Event "Ostsjaellands EMT 2005"]
[Site "Faxe"]
[Date "2005.04.13"]
[Round "3"]
[White "Hansen, Arne Mandrup"]
[Black "Lillebro, Verner"]
[Result "1/2-1/2"]
[WhiteElo "1296"]
[BlackElo "1194"]
[PlyCount "61"]
[EventDate "2005.??.??"]

1. d4 d5 2. Bf4 Nf6 3. e3 a6 4. c4 dxc4 5. Bxc4 b5 6. Be2 Bb7 7. Nf3 e6 8. O-O
Bd6 9. Bxd6 cxd6 10. Nbd2 O-O 11. Rc1 Nbd7 12. Bd3 Qe7 13. Rc7 Bd5 14. Bb1 Rfc8
15. Qc2 Qd8 16. Rc1 Nb6 17. Rxc8 Rxc8 18. Qd1 Nc4 19. Nxc4 bxc4 20. Rc3 Ne4 21.
Bxe4 Bxe4 22. Ne1 Bb7 23. Qe2 d5 24. a3 a5 25. Qc2 Ba6 26. Nf3 Rb8 27. Qd2 a4
28. h4 Qf6 29. Qc2 Qf5 30. Qxf5 exf5 31. Rc2 1/2-1/2